| 000 | 00000cas 2200000zi 4500 |
| 001 | 9.925292 |
| 003 | CaOODSP |
| 005 | 20251219105940 |
| 006 | m o d f |
| 007 | cr cn||||||||| |
| 008 | 230721c20229999abcar p o f0###a0eng|d |
| 022 | |a2818-1417 |
| 040 | |aCaOODSP|beng|erda|cCaOODSP |
| 043 | |an-cnp-- |
| 086 | 1 |aIu98-1/7E-PDF |
| 110 | 1 |aCanada. |bPrairies Economic Development Canada, |eauthor, |eissuing body. |
| 222 | 0|aAnnual report to Parliament. Administration of the Access to Information Act |b(Canada. Prairies Economic Development Canada) |
| 245 | 10|aAnnual report to Parliament. |pAdministration of the Access to Information Act. |
| 246 | 3 |aPrairiesCan annual report to Parliament. |pAdministration of the Access to Information Act |
| 264 | 1|a[Edmonton] : |bPrairies Economic Development Canada = Développement économique Canada pour les Prairies, |c[2022]- |
| 310 | |aAnnual |
| 336 | |atext|btxt|2rdacontent |
| 337 | |acomputer|bc|2rdamedia |
| 338 | |aonline resource|bcr|2rdacarrier |
| 362 | 1 |aBegan with: 2021/2022. |
| 500 | |aIssued also in French under title: Rapport annuel au Parlement. Administration de la Loi sur l’accès à l’information. |
| 588 | |aDescription based on: 2021/2022. |
| 588 | |aLatest issue consulted: 2022/2023. |
| 610 | 10|aCanada. |bPrairies Economic Development Canada|vPeriodicals. |
| 610 | 10|aCanada. |tAccess to Information Act|vPeriodicals. |
| 650 | 0|aGovernment information|zCanada|vPeriodicals. |
| 650 | 0|aFreedom of information|zCanada|vPeriodicals. |
| 655 | 7|aPeriodicals|2lcgft |
| 775 | 08|tRapport annuel au parlement. |w(CaOODSP)9.925328 |
| 780 | 00|tAnnual report to Parliament ... |w(CaOODSP)9.822048 |